000 00428nam a2200133Ia 4500
008 100328s9999 xx 000 0 und d
082 _b62890
100 _aप्रधान मधुकर लक्ष्मण.
245 _aस्वप्न फुलोरा.
260 _bप्रपंच.
630 _aस्वप्न फुलोरा.
730 _aस्वप्न फुलोरा.
942 _cBOOK
999 _c548826
_d548823